| 000 | 00436nam a22001697a 4500 | ||
|---|---|---|---|
| 005 | 20180206111450.0 | ||
| 008 | 160428b xxu||||| |||| 00| 0 eng d | ||
| 020 | _a0-07-463666-9 | ||
| 041 | _aeng | ||
| 082 |
_b00506 _a005.133 |
||
| 100 |
_aJerke, Noel _9150 |
||
| 245 | _aThe Complete Reference: Visual Basic 6 | ||
| 260 |
_aNew Delhi _bTMH Publ.co.Ltd. _c2004 |
||
| 300 | _a788 | ||
| 650 |
_aInformation Technology _9137 |
||
| 942 | _cBK | ||
| 999 |
_c147 _d147 |
||